000 00301nam a22001457a 4500
003 SGT
082 _a616.07
_bP24M
100 _aMOHAN, HARSH
245 _aPATHOLOGY QUICK REVIEW
250 _a6TH
260 _aINDIA
_bJAYPEE P[UB
_c2024
300 _a268
650 _aPATHOLOGY
942 _2ddc
_cBK
999 _c30697
_d30697